| 000 | 00784nam a22002177a 4500 | ||
|---|---|---|---|
| 005 | 20140217150952.0 | ||
| 010 | _aB-495442-447 | ||
| 020 |
_a9798121209334 _c720.00 |
||
| 020 |
_a8121209331 _c720.00 |
||
| 035 | _aB-495442-447 | ||
| 037 |
_adpl _bBBB/VEN |
||
| 082 | _a230.8095431 | ||
| 100 | _aPrasad, P.V.R.K. | ||
| 245 |
_aWhen I saw Triupati Balaji: _cby P.V.R.K.Prasad _bnaaham karta |
||
| 260 |
_aNew Delhi _bGyan Publishing house _c2012 |
||
| 270 |
_a23, main Ansari road, Daryaganj _bNew Delhi _e110002 _k23282060 _l01123285914 _mbooks@gyanbooks.com |
||
| 300 |
_a333p. _bill _c20cm(pbk) |
||
| 500 | _ainclude index | ||
| 942 |
_2ddc _cEN _mKAR _h230.8095431 |
||
| 999 |
_c78878 _d78878 |
||